Statistiken für Orte an der Schwarzwälder Kinzig

Klicken Sie hier um das Quiz zu spielen!

Allgemein

  • Dieses Quiz wurde 27 mal gespielt
  • Das Durchschnittsergebnis liegt bei 12 aus 17

Antwortstatistiken

HintAntwort% Korrekt
57300 EinwohnerOffenburg
100%
10600 EinwohnerGengenbach
93%
5800 EinwohnerHausach
93%
5800 EinwohnerWolfach
93%
6900 EinwohnerHaslach
87%
3400 EinwohnerOrtenberg
87%
3600 EinwohnerBiberach
73%
34000 EinwohnerKehl
73%
3200 EinwohnerOhlsbach
73%
4100 EinwohnerSteinach
60%
6400 EinwohnerAlpirsbach
53%
2400 EinwohnerBerghaupten
53%
1800 EinwohnerSchenkenzell
53%
1700 EinwohnerFischerbach
47%
3800 EinwohnerSchiltach
47%
9200 EinwohnerWillstätt
40%
7400 EinwohnerLoßburg
33%

Verteilung der Resultate

Perzentil nach korrekt beantworteten Fragen

Anzahl Personen mit jedem Resultat

Ihre Resultats-Entwicklung

Sie haben dieses Quiz noch nicht gespielt